000 00788nam a2200205 a 4500
001 000045583
005 20240307073948.0
008 150415s1990 dr a 000 0 spa d
100 1 _aMorillo B., Mariano
_946529
245 1 0 _aTeatro, cuentos y escenas de un pueblo olvidado. /
_cMariano Morillo B ; prólogo Onofre de la Rosa.
260 _aSanto Domingo :
_bUASD,
_c1990.
300 _a82 p. :
_bil. ;
_c22 cm.
490 1 _aPublicaciones de la Universidad Autónoma de Santo Domingo
_v637
490 1 _aLiteratura y sociedad
_v9
700 1 _aRosa, Onofre de la
_953700
710 1 _aUniversidad Autónoma de Santo Domingo
_972951
830 0 _aPublicaciones de la Universidad Autónoma de Santo Domingo
_n637
_973650
830 0 _aLiteratura y sociedad
_n9
_973651
999 _c45072
_d45072
040 _aDO-SdBNP